Jasná jeseň... /inc./

Bibliographic Details
Main Authors: Achmatova, Anna Andrejevna, 1889-1966 (Author), Zambor, Ján, 1947- (Author)
Format: Article
Language:Slovak
Subjects:

MARC

LEADER 00000nab a2200000 a 4500
001 vtls000103516
003 SK-MaSNL
005 20260303204315.0
008 150430c1981 xo 0 slo
015 |a SNBRB19rr/mm-uuuuu 
035 |a CL0113619 
040 |a SNKBUCL  |b slo  |c SNKBUCL  |e AACR2 
041 0 |a slo 
044 |a xo  |c SK 
080 |a 882-1  |2 1981 
100 1 |a Achmatova, Anna Andrejevna,  |d 1889-1966  |4 aut  |9 123054 
245 1 0 |a Jasná jeseň... /inc./  |c Anna Achmatovová ; Anna Achmatovotá, Ján Zambor 
500 |a Pod spoločným názvom Čoskoro vyjde. 
650 0 7 |a básne lyrické  |2 snkbucl  |9 403933 
650 0 7 |a sovietska literatúra  |2 snkbucl  |9 22300 
655 7 |a články z novín a časopisov  |2 snkbucl  |9 267496 
655 7 |a články z odboru literárna veda a krásna literatúra  |2 snkbucl  |9 770045 
700 1 |a Zambor, Ján,  |d 1947-  |4 aut  |9 106743 
700 1 |a Achmatova, Anna Andrejevna,  |d 1889-1966  |4 aut  |9 123054 
773 0 |t Učiteľské noviny  |g Roč. 31, č. 34-35 (1981), s. 10 
850 |a Slovenská národná knižnica v Martine  |a MTA001 
852 |a SNK  |b KIS3GCP 
958 |a RK 
958 |a LX 
958 |a SK 
992 |a RBX 
999 |c 2189397  |d 2191327